[Event "Miedzynarodowy Memorial Ireny Warakomskiej (Turniej Blitza)"]
[Site "Suwalki"]
[Date "2017-08-16"]
[Round "9.13"]
[White "Tylenda, Krzysztof "]
[Black "Okrucinski, Tadeusz"]
[Result "1-0"]
[WhiteTitle ""]
[BlackTitle ""]
[WhiteElo "1688"]
[BlackElo "2149"]

1. e4 c5 2. Nc3 Nc6 3. g3 g6 4. Bg2 e5 5. d3 Bg7 6. Be3 d6 7. Qd2 Nge7 8. Bh6 O-O
9. h4 Bxh6 10. Qxh6 Kh8 11. Nf3 Ng8 12. Qd2 h5 13. Nd5 Kg7 14. O-O-O Bg4 15. Rdf1
b5 16. Nh2 Be6 17. f4 Bxd5 18. exd5 Nce7 19. fxe5 dxe5 20. d6 Qxd6 21. Bxa8 Rxa8
22. g4 Nf6 23. gxh5 Nxh5 24. Ng4 Rf8 25. Qh6+ Kg8 26. Qe3 Nc6 27. Rhg1 Re8 28.
Nh6+ 1-0

[Event "Miedzynarodowy Memorial Ireny Warakomskiej (Turniej Blitza)"]
[Site "Suwalki"]
[Date "2017-08-16"]
[Round "9.14"]
[White "Chinguun, Sumiya "]
[Black "Bogdanov, Ignat"]
[Result "1-0"]
[WhiteTitle ""]
[BlackTitle ""]
[WhiteElo "2139"]
[BlackElo "2092"]

1. e4 e6 2. d4 d5 3. Nc3 dxe4 4. Nxe4 Bd7 5. Nf3 Bc6 6. Bd3 Nd7 7. O-O Ngf6 8.
Bg5 Be7 9. Bxf6 Nxf6 10. Nxf6+ Bxf6 11. c3 Bxf3 12. Qxf3 c6 13. b4 O-O 14. b5
Qd5 15. Be4 Qxb5 16. Rab1 Qa6 17. Bd3 Qxa2 18. Rxb7 Qd5 19. Be4 Qc4 20. Rb4 Qa2
21. Bxc6 Rac8 22. Be4 a5 23. Rb5 Qd2 24. Rb3 a4 25. Ra3 Qb2 26. c4 Rxc4 27. Bxh7+
Kh8 28. Bd3 1-0

[Event "Miedzynarodowy Memorial Ireny Warakomskiej (Turniej Blitza)"]
[Site "Suwalki"]
[Date "2017-08-16"]
[Round "9.15"]
[White "Ostrowski, Robert"]
[Black "Ziemski, Jaroslaw"]
[Result "0-1"]
[WhiteTitle ""]
[BlackTitle ""]
[WhiteElo "2028"]
[BlackElo "1824"]

1. e4 e5 2. Nf3 Nc6 3. d4 exd4 4. c3 d5 5. e5 dxc3 6. Nxc3 Bb4 7. Bd3 Bg4 8. O-O
Bxc3 9. bxc3 Qd7 10. Bb5 O-O-O 11. Qa4 Bxf3 12. Bxc6 Qxc6 13. Qxc6 bxc6 14. gxf3
Re8 15. f4 Ne7 16. Be3 a5 17. Rab1 Kd7 18. Kg2 Rb8 19. Kf3 Rb5 20. a4 Rbb8 21.
Bc5 Rhc8 22. Rg1 g6 23. Bxe7 Kxe7 24. Kg4 Rb6 25. f5 Rcb8 26. Rbe1 Rb3 27. Re3
c5 28. e6 f6 29. Rd1 Rd8 30. Rh3 h5+ 31. Kh4 gxf5 32. Re1 d4 33. cxd4 Rxh3+ 34.
Kxh3 cxd4 35. Kh4 c5 36. Kxh5 Rd6 37. Kg6 Rxe6 38. Rc1 Rc6 39. Kxf5 d3 40. h4
c4 41. h5 d2 42. Rd1 c3 43. h6 Rc8 44. Rh1 c2 45. h7 Rh8 46. Rh3 d1=Q 47. Re3+
Kd6 48. Kxf6 Rxh7 49. Re6+ Kd5 50. Re5+ Kd4 51. Re8 Qf3+ 52. Kg6 Qh5+ 53. Kf6
Qxe8 54. f4 Rf7+ 55. Kg5 Qg8+ 0-1

[Event "Miedzynarodowy Memorial Ireny Warakomskiej (Turniej Blitza)"]
[Site "Suwalki"]
[Date "2017-08-16"]
[Round "9.16"]
[White "Karlov, Egor "]
[Black "Janiszewski, Maciej"]
[Result "0-1"]
[WhiteTitle ""]
[BlackTitle ""]
[WhiteElo "1538"]
[BlackElo "1968"]

1. d4 d6 2. c4 c6 3. Nc3 Nd7 4. e4 h6 5. Be3 g5 6. d5 c5 7. Bd3 Bg7 8. Qc2 a5 9.
Nge2 a4 10. a3 Ngf6 11. f4 Ng4 12. Bg1 gxf4 13. Nxf4 Nde5 14. h3 Nf6 15. Be3 Bd7
16. Be2 Rg8 17. g4 Qa5 18. Bd2 Qa6 19. Nb1 b5 20. cxb5 Bxb5 21. Bxb5+ Qxb5 22.
Nc3 Qc4 23. O-O-O Nfd7 24. Be3 Kd8 25. Nh5 Bh8 26. Bxh6 Nf3 27. Be3 Bd4 28. Bxd4
Nxd4 29. Qd3 Qb3 30. Ne2 Qa2 31. Nxd4 cxd4 32. Qxd4 Rc8+ 33. Kd2 Ne5 34. Qxa4
Qxb2+ 35. Ke1 Qc3+ 36. Kf1 Qf3+ 37. Ke1 Qxh1+ 38. Kd2 Qg2+ 39. Ke1 Nf3# 0-1

[Event "Miedzynarodowy Memorial Ireny Warakomskiej (Turniej Blitza)"]
[Site "Suwalki"]
[Date "2017-08-16"]
[Round "9.18"]
[White "Zianowicz, Dominik "]
[Black "Medvedyk, Volodymyr"]
[Result "0-1"]
[WhiteTitle ""]
[BlackTitle ""]
[WhiteElo "1851"]
[BlackElo "1950"]

1. d4 Nf6 2. Bg5 Ne4 3. Bf4 d5 4. e3 e6 5. c4 Bb4+ 6. Ke2 dxc4 7. Qc2 Nf6 8. Qxc4
Nd5 9. Be5 b6 10. Qc1 Ba6+ 11. Kf3 Bb7 12. e4 f6 13. Bg3 O-O 14. Bc4 b5 15. Bb3
Ne7 16. Qxc7 Qxd4 17. Bxe6+ Kh8 18. Qxb7 Qd3+ 19. Kg4 Nbc6 20. Nf3 Qxe4+ 21. Kh3
Qxe6+ 22. Kh4 Ng6+ 23. Kh5 Qf5+ 0-1

[Event "Miedzynarodowy Memorial Ireny Warakomskiej (Turniej Blitza)"]
[Site "Suwalki"]
[Date "2017-08-16"]
[Round "9.19"]
[White "Semczuk, Jerzy "]
[Black "Zaika, Daniil"]
[Result "0-1"]
[WhiteTitle ""]
[BlackTitle ""]
[WhiteElo "1872"]
[BlackElo "1941"]

1. e4 e6 2. d4 d5 3. Nc3 Nf6 4. Bg5 Be7 5. e5 Nfd7 6. Bxe7 Qxe7 7. f4 a6 8. Nf3
c5 9. dxc5 Nc6 10. Bd3 Qxc5 11. Qd2 g6 12. Qf2 Qb4 13. O-O-O Qxf4+ 14. Kb1 Ncxe5
15. Qe2 Nxf3 16. Nxd5 Nd4 17. Nxf4 Nxe2 18. Bxe2 O-O 19. Bf3 Nf6 20. Rhf1 Kg7
21. g4 g5 22. Nd3 Rb8 23. Ne5 b5 24. h4 h6 25. hxg5 hxg5 26. Nc6 Rb6 27. Ne5 Bb7
28. Nd7 Nxd7 29. Rxd7 Bxf3 30. Rxf3 Kg6 31. Re7 Rc6 32. b3 f5 33. Rh3 Rf7 34.
Re8 fxg4 35. Rg3 Kf5 36. Rd8 Kf4 37. Rdd3 Rfc7 38. Rd2 Kxg3 0-1

[Event "Miedzynarodowy Memorial Ireny Warakomskiej (Turniej Blitza)"]
[Site "Suwalki"]
[Date "2017-08-16"]
[Round "9.20"]
[White "Matuszczyk, Mateusz"]
[Black "Slezinski, Nikodem "]
[Result "0-1"]
[WhiteTitle ""]
[BlackTitle ""]
[WhiteElo "1666"]
[BlackElo "1936"]

1. e4 e5 2. Nf3 Nc6 3. Bc4 Bc5 4. Nc3 d6 5. d3 h6 6. a4 a6 7. Ne2 Nge7 8. c3 Be6
9. Ba2 Bxa2 10. Rxa2 Ba7 11. b4 Qd7 12. Ng3 O-O 13. O-O f5 14. Qb3+ Kh8 15. Nh4
fxe4 16. dxe4 Qg4 17. Ngf5 Nxf5 18. Nxf5 Qxe4 19. Ng3 Qg4 20. b5 Na5 21. Qb1 Rf6
22. Re2 Raf8 23. Be3 Bxe3 24. Rxe3 Nc4 25. Re4 Qe6 26. Qd3 d5 27. Rh4 e4 28. Qd4
axb5 29. axb5 Qe5 30. Qc5 b6 31. Qb4 Nd2 32. Rh5 Qf4 33. Ra1 Qxf2+ 34. Kh1 Qf1+
35. Nxf1 Rxf1+ 36. Rxf1 Rxf1# 0-1

[Event "Miedzynarodowy Memorial Ireny Warakomskiej (Turniej Blitza)"]
[Site "Suwalki"]
[Date "2017-08-16"]
[Round "9.22"]
[White "Kaniak, Justyna"]
[Black "Litner, Igor "]
[Result "1-0"]
[WhiteTitle ""]
[BlackTitle ""]
[WhiteElo "1901"]
[BlackElo "1719"]

1. e4 d6 2. d4 Nf6 3. Nc3 Nbd7 4. Bc4 e5 5. Nf3 Be7 6. O-O O-O 7. h3 c6 8. a4 Qc7
9. Be3 b6 10. Qd2 Bb7 11. Rfe1 a6 12. Rad1 b5 13. Bb3 c5 14. dxe5 Nxe5 15. Nxe5
dxe5 16. Nd5 Nxd5 17. Bxd5 bxa4 18. Qc3 Rfd8 19. Qc4 Bxd5 20. Rxd5 Rxd5 21. Qxd5
Rd8 22. Qc4 Qc6 23. Ra1 Qb5 24. Rxa4 Qxb2 25. Rxa6 h6 26. Ra7 Re8 27. Bxc5 Qc1+
28. Kh2 Qf4+ 29. g3 Qf6 30. Bxe7 Qxf2+ 31. Kh1 Qxa7 32. Bc5 Qa1+ 33. Kg2 Rd8 34.
Be3 Qe1 35. Kf3 Qf1+ 36. Qxf1 1-0